Diam-diam rindu (Record no. 103393)

MARC details
000 -LEADER
fixed length control field 00622nam a2200241 i 4500
001 - CONTROL NUMBER
control field C2-0299449
003 - CONTROL NUMBER IDENTIFIER
control field PPAK
005 - DATE AND TIME OF LATEST TRANSACTION
control field 20180728081115.0
008 - FIXED-LENGTH DATA ELEMENTS--GENERAL INFORMATION
fixed length control field 090728s2009 my |||| ||||| | may d
020 ## - INTERNATIONAL STANDARD BOOK NUMBER
International Standard Book Number 9789833880430
040 ## - CATALOGING SOURCE
Original cataloging agency PPAK
Language of cataloging eng
Transcribing agency PPAK
Description conventions rda
082 04 - DEWEY DECIMAL CLASSIFICATION NUMBER
Classification number 899.233
Edition number 23
090 00 - LOCALLY ASSIGNED LC-TYPE CALL NUMBER (OCLC); LOCAL CALL NUMBER (RLIN)
Classification number (OCLC) (R) ; Classification number, CALL (RLIN) (NR) 899.233
Feature heading EZI
Feature heading G
100 0# - MAIN ENTRY--PERSONAL NAME
Personal name Ezi Afiza,
Relator term author
245 10 - TITLE STATEMENT
Title Diam-diam rindu
264 #1 - PRODUCTION, PUBLICATION, DISTRIBUTION, MANUFACTURE, AND COPYRIGHT NOTICE
Place of production, publication, distribution, manufacture Kuala Lumpur :
Name of producer, publisher, distributor, manufacturer Fajar Pakeer ,
Date of production, publication, distribution, manufacture, or copyright notice 2009
300 ## - PHYSICAL DESCRIPTION
Extent 439 pages ;
Dimensions 19 cm
336 ## - CONTENT TYPE
Source rdacontent
Content type term text
337 ## - MEDIA TYPE
Source rdamedia
Media type term unmediated
338 ## - CARRIER TYPE
Source rdacarrier
Carrier type term volume
650 10 - SUBJECT ADDED ENTRY--TOPICAL TERM
Topical term or geographic name entry element Malay fiction
942 ## - ADDED ENTRY ELEMENTS (KOHA)
-- dc
Koha item type Book
Holdings
Withdrawn Not for loan Current library Shelving location Date acquired Full call number Barcode Date last seen Koha item type Total Checkouts Date last checked out
    Perpustakaan Alor Setar Pinjaman Dewasa 05/08/2009 899.233 EZI A01308543 15/02/2021 Book 2 14/01/2021
    Perpustakaan Kuala Kedah Pinjaman Dewasa 05/08/2009 899.233 EZI A01308595 09/05/2018 Book    
    Perpustakaan Merbok Pinjaman Dewasa 05/08/2009 899.233 EZI A01308554 09/11/2024 Book 2 02/11/2024
    Perpustakaan Yan Pinjaman Dewasa 05/08/2009 899.233 EZI A01308548 09/05/2018 Book    
    PD03, Kg. Pulau Pisang, Jitra Pinjaman Dewasa 05/08/2009 899.233 EZI A01308563 09/05/2018 Book    
    PD05, Kg. Lindungan Raja, Kulim Pinjaman Dewasa 05/08/2009 899.233 EZI A01308565 09/05/2018 Book    
    PD19, KEDA Bendang Perang, Kota Setar Pinjaman Dewasa 05/08/2009 899.233 EZI A01308579 09/05/2018 Book    
    PD24, Felda Bukit Tangga, Bukit Kayu Hitam Pinjaman Dewasa 05/08/2009 899.233 EZI A01308584 09/05/2018 Book    
    PD25, KEDA Batu 13, Pokok Sena Pinjaman Dewasa 05/08/2009 899.233 EZI A01308585 09/05/2018 Book    
    PD27, Kg. Bendang Bukit, Pendang Pinjaman Dewasa 05/08/2009 899.233 EZI A01308587 09/05/2018 Book    
    PD28, Kg. Paya Kerchut, Pendang Pinjaman Dewasa 05/08/2009 899.233 EZI A01308588 09/05/2018 Book    
    PD37, Kg. Belat, Pendang Pinjaman Dewasa 05/08/2009 899.233 EZI A01308593 09/05/2018 Book